000 01375nam a2200253Ia 4500
003 Ost
005 20260416102356.0
008 260416s9999||||xx |||||||||||||| ||und||
040 _cfsecg
041 _aara
082 _a350.751
100 _aقندوز، بلال
_eمؤلف
245 0 _aمراقبة التسيير /
_c بلال قندوز
260 _aالجزائر
_bجامعة الجزائر3: كلية العلوم الإقتصادية، العلوم التجارية وعلوم التسيير
_c2020
300 _a87 ورقة
_bايضاحات
_c30 سم
504 _aمراجع ص.85
520 _aمدخل عام لمراقبة التسيير، مراجعة في المحاسبة التحليلية، التكلفة المتغيرة وتحليل العلاقة بين التكلفة، الحجم و الربح، الموازنات التقديرية، التكلفة المعيارية وتحليل الانحرافات، أسعار التنازل الداخلي، لوحة القيادة
653 _aالتكاليف المعيارية
653 _aالرقابة
653 _aالمحاسبة التحليلة
653 _aالميزانيات التقديرية
710 _aجامعة الجزائر3: كلية العلوم الإقتصادية، العلوم التجارية وعلوم التسيير
_eناشر علمي
942 _cHANDOUT
999 _c41198
_d41198